Sifr al-mazāmīr.

محفوظ في:

التنسيق: كتاب

اللغة: Arabic

الموضوعات:

الوسوم: إضافة وسم

لا توجد وسوم, كن أول من يضع وسما على هذه التسجيلة!

رقم الطلب:

LEADER 00771nam a2200181Ia 4500
005 20200201013157.0
008 130303s1933 xx g 000 0 ara d
245 0 0 |6 880-02  |a Sifr al-mazāmīr. 
880 0 0 |6 245-02/(3/r  |a سفر المزامير.‪‪‪‪‪‪‪‪‪‪‪‪‪‪‪‪‪‪‪‪‪‪‪‪‪‪‪‪‪‪‪‪‪‪‪‪ 
264 1 |a [Place of publication not identified :  |b [publisher not identified,  |c 1933] 
300 |a pages ;  |c 24 cm 
336 |a text  |b txt  |2 rdacontent 
337 |a unmediated  |b n  |2 rdamedia 
338 |a volume  |b nc  |2 rdacarrier 
630 0 0 |a Bible.  |p Psalms  |x Criticism, interpretation, etc. 
952 |0 0  |1 0  |2 lcc  |4 0  |7 1  |9 27531  |a ARCE  |b ARCE  |d 2022-01-25  |l 0  |r 2022-01-25 00:00:00  |w 2022-01-25  |y BK 
999 |c 24620  |d 24620 
942 |c BK  |2 lcc